Countries Mentioned in the Wikipedia Page of Australia - Statistics

General Stats
  • This quiz has been taken 3,166 times
  • The average score is 16 of 23
Answer Stats
Frequency Context Country % Correct
14 Independence from the ... United Kingdom
100%
14 The Tasman Sea is lying between Australia and ... New Zealand
99%
15 Has been a formal military ally of ... United States
99%
6 In 2020, the largest foreign-born populations were those born in ... China
96%
5 Australia's largest export markets are ... Japan
90%
2 Trade by Makassan fishermen from what is now ... Indonesia
89%
2 In 2020, the largest foreign-born populations were those born in ... India
87%
1 Is a member of the Five Eyes intelligence alliance with ... Canada
82%
2 Australia participated in the ... War Vietnam
79%
2 There was significant immigration from ... Germany
76%
3 Australia's largest export markets are ... South Korea
74%
1 Between 1788 and the Second World War, immigrants came from ... Ireland
65%
1 Is a member of the Five Power Defence Arrangements with ... Malaysia
63%
1 Is a member of the Five Power Defence Arrangements with ... Singapore
61%
1 In 2020, the largest foreign-born populations were those born in ... Philippines
59%
1 The Australian dollar is the currency for the nation, as well as ... Nauru
58%
1 The Australian dollar is the currency for the nation, as well as ... Tuvalu
57%
1 The most favourably viewed countries by Australians include ... Thailand
56%
1 Australia participated in the ... War Iraq
55%
1 Australia participated in the ... War Afghanistan
50%
1 The Australian dollar is the currency for the nation, as well as ... Kiribati
49%
1 The most favourably viewed countries by Australians include ... Taiwan
45%
2 Overtook ... and became the country with the highest average wealth. Switzerland
41%
No matching quizzes found
Score Distribution
Percent of People with Each Score
Percentile by Number Answered
Your Score History
You have not taken this quiz